书目信息 |
| 题名: |
乒乓球实战技巧
|
|
| 作者: | 唐建军 著 | |
| 分册: | ||
| 出版信息: | 北京 北京体育大学出版社 2003 |
|
| 页数: | 179页 | |
| 开本: | 20cm | |
| 丛书名: | ||
| 单 册: | ||
| 中图分类: | G846.19 | |
| 科图分类: | ||
| 主题词: | 乒乓球运动--运动技术--图解 , 乒乓球运动 , 运动技术 | |
| 电子资源: | ||
| ISBN: | 7-81051-843-7 | |
| 000 | 00782nam0 2200241 450 | |
| 001 | 002298444 | |
| 005 | 20061114151235.64 | |
| 010 | @a7-81051-843-7@dCNY15.00 | |
| 100 | @a20030209d2003 em y0chiy0110 ea | |
| 101 | 0 | @achi |
| 102 | @aCN@b110000 | |
| 105 | @aa z 000yy | |
| 200 | 1 | @a乒乓球实战技巧@9ping pang qiu shi zhan ji qiao@e技战术图解@f唐建军著 |
| 210 | @a北京@c北京体育大学出版社@d2003 | |
| 215 | @a179页@d20cm | |
| 330 | @a本书共包括四部分内容,讲解的着眼点是以假定的对手为条件来讨论乒乓球技术的实战运用,重点讲的是技术动作的标准化问题。 | |
| 606 | 0 | @a乒乓球运动@x运动技术@j图解 |
| 606 | 0 | @a乒乓球运动 |
| 606 | 0 | @a运动技术 |
| 690 | @aG846.19@v4 | |
| 701 | 0 | @a唐建军@9tang jian jun@f(1960~)@4著 |
| 801 | 0 | @aCN@bNLC@c20061114 |
| 905 | @a10447@dG846.19@e254 | |
| 乒乓球实战技巧:技战术图解/唐建军著.-北京:北京体育大学出版社,2003 |
| 179页;20cm |
| ISBN 7-81051-843-7:CNY15.00 |
| 本书共包括四部分内容,讲解的着眼点是以假定的对手为条件来讨论乒乓球技术的实战运用,重点讲的是技术动作的标准化问题。 |
| ● |
| 相关链接 |
|
|
|
|
正题名:乒乓球实战技巧
索取号:G846.19/254
 
预约/预借
| 序号 | 登录号 | 条形码 | 馆藏地/架位号 | 状态 | 备注 |
| 1 | 0382990 | 203829900 | 第一样本阅览室/ [索取号:G846.19/254] | 在馆 | |
| 2 | 0382991 | 203829919 | 第四借阅区/ [索取号:G846.19/254] | 在馆 | |
| 3 | 0382992 | 203829928 | 第四借阅区/ [索取号:G846.19/254] | 在馆 | |
| 4 | 0382993 | 203829937 | 第四借阅区/ [索取号:G846.19/254] | 在馆 | |
| 5 | 0382994 | 203829946 | 第四借阅区/ [索取号:G846.19/254] | 在馆 |